|
|
|
|
| LEADER |
00000cam a2200000 7i4500 |
| 001 |
0000041010 |
| 005 |
20001108.0 |
| 090 |
0 |
0 |
|a 794.1
|b CHE
|
| 245 |
0 |
0 |
|a Chess [
|h games]
|
| 260 |
|
|
|a Puchong :
|b Syarikat Permainan Malaysia ,
|c 1990
|
| 300 |
|
|
|a 1 pvc board, 32 pieces black and white
|
| 650 |
0 |
0 |
|a Chess
|
| 999 |
|
|
|a G000111
|b PERMAINAN BOARD
|c GAMES
|e PERPUSTAKAAN KOMUNITI PETALING JAYA
|
| 999 |
|
|
|a G000112
|b PERMAINAN BOARD
|c GAMES
|e PERPUSTAKAAN KOMUNITI PETALING JAYA
|
| 999 |
|
|
|a G000113
|b PERMAINAN BOARD
|c GAMES
|e PERPUSTAKAAN KOMUNITI PETALING JAYA
|
| 999 |
|
|
|a G000114
|b PERMAINAN BOARD
|c GAMES
|e PERPUSTAKAAN KOMUNITI PETALING JAYA
|
| 999 |
|
|
|a G000115
|b PERMAINAN BOARD
|c GAMES
|e PERPUSTAKAAN KOMUNITI PETALING JAYA
|
| 999 |
|
|
|a G000116
|b PERMAINAN BOARD
|c GAMES
|e PERPUSTAKAAN KOMUNITI PETALING JAYA
|
| 999 |
|
|
|a G000117
|b PERMAINAN BOARD
|c GAMES
|e PERPUSTAKAAN KOMUNITI PETALING JAYA
|
| 999 |
|
|
|a G000118
|b PERMAINAN BOARD
|c GAMES
|e PERPUSTAKAAN KOMUNITI PETALING JAYA
|
| 999 |
|
|
|a G000119
|b PERMAINAN BOARD
|c GAMES
|e PERPUSTAKAAN KOMUNITI PETALING JAYA
|
| 999 |
|
|
|a G000120
|b PERMAINAN BOARD
|c GAMES
|e PERPUSTAKAAN KOMUNITI PETALING JAYA
|
| 999 |
|
|
|a G000121
|b PERMAINAN BOARD
|c GAMES
|e PERPUSTAKAAN KOMUNITI PETALING JAYA
|
| 999 |
|
|
|a G000122
|b PERMAINAN BOARD
|c GAMES
|e PERPUSTAKAAN KOMUNITI PETALING JAYA
|
| 999 |
|
|
|a G000123
|b PERMAINAN BOARD
|c GAMES
|e PERPUSTAKAAN KOMUNITI PETALING JAYA
|
| 999 |
|
|
|a G000124
|b PERMAINAN BOARD
|c GAMES
|e PERPUSTAKAAN KOMUNITI PETALING JAYA
|
| 999 |
|
|
|a G000125
|b PERMAINAN BOARD
|c GAMES
|e PERPUSTAKAAN KOMUNITI PETALING JAYA
|
| 999 |
|
|
|a G000126
|b PERMAINAN BOARD
|c GAMES
|e PERPUSTAKAAN KOMUNITI PETALING JAYA
|
| 999 |
|
|
|a G000127
|b PERMAINAN BOARD
|c GAMES
|e PERPUSTAKAAN KOMUNITI PETALING JAYA
|
| 999 |
|
|
|a G000128
|b PERMAINAN BOARD
|c GAMES
|e PERPUSTAKAAN KOMUNITI PETALING JAYA
|
| 999 |
|
|
|a G000129
|b PERMAINAN BOARD
|c GAMES
|e PERPUSTAKAAN KOMUNITI PETALING JAYA
|
| 999 |
|
|
|a G000130
|b PERMAINAN BOARD
|c GAMES
|e PERPUSTAKAAN KOMUNITI PETALING JAYA
|
| 999 |
|
|
|a G000340
|b PERMAINAN BOARD
|c GAMES
|e PERPUSTAKAAN KOMUNITI PETALING JAYA
|
| 999 |
|
|
|a G000341
|b PERMAINAN BOARD
|c GAMES
|e PERPUSTAKAAN KOMUNITI PETALING JAYA
|
| 999 |
|
|
|a G000342
|b PERMAINAN BOARD
|c GAMES
|e PERPUSTAKAAN KOMUNITI PETALING JAYA
|
| 999 |
|
|
|a G000343
|b PERMAINAN BOARD
|c GAMES
|e PERPUSTAKAAN KOMUNITI PETALING JAYA
|
| 999 |
|
|
|a G000344
|b PERMAINAN BOARD
|c GAMES
|e PERPUSTAKAAN KOMUNITI PETALING JAYA
|
| 999 |
|
|
|a G000345
|b PERMAINAN BOARD
|c GAMES
|e PERPUSTAKAAN KOMUNITI PETALING JAYA
|
| 999 |
|
|
|a G000346
|b PERMAINAN BOARD
|c GAMES
|e PERPUSTAKAAN KOMUNITI PETALING JAYA
|
| 999 |
|
|
|a G000347
|b PERMAINAN BOARD
|c GAMES
|e PERPUSTAKAAN KOMUNITI CAW KOTA DAMANSARA
|
| 999 |
|
|
|a G000348
|b PERMAINAN BOARD
|c GAMES
|e PERPUSTAKAAN KOMUNITI PETALING JAYA
|
| 999 |
|
|
|a G000349
|b PERMAINAN BOARD
|c GAMES
|e PERPUSTAKAAN KOMUNITI PETALING JAYA
|
| 999 |
|
|
|a G000350
|b PERMAINAN BOARD
|c GAMES
|e PERPUSTAKAAN KOMUNITI PETALING JAYA
|
| 999 |
|
|
|a G000351
|b PERMAINAN BOARD
|c GAMES
|e PERPUSTAKAAN KOMUNITI PETALING JAYA
|
| 999 |
|
|
|a G000352
|b PERMAINAN BOARD
|c GAMES
|e PERPUSTAKAAN KOMUNITI CAW KOTA DAMANSARA
|
| 999 |
|
|
|a G000353
|b PERMAINAN BOARD
|c GAMES
|e PERPUSTAKAAN KOMUNITI PETALING JAYA
|
| 999 |
|
|
|a G000354
|b PERMAINAN BOARD
|c GAMES
|e PERPUSTAKAAN KOMUNITI PETALING JAYA
|
| 999 |
|
|
|a G000355
|b PERMAINAN BOARD
|c GAMES
|e PERPUSTAKAAN KOMUNITI PETALING JAYA
|
| 999 |
|
|
|a G000356
|b PERMAINAN BOARD
|c GAMES
|e PERPUSTAKAAN KOMUNITI CAW KOTA DAMANSARA
|
| 999 |
|
|
|a G000357
|b PERMAINAN BOARD
|c GAMES
|e PERPUSTAKAAN KOMUNITI PETALING JAYA
|
| 999 |
|
|
|a G000358
|b PERMAINAN BOARD
|c GAMES
|e PERPUSTAKAAN KOMUNITI PETALING JAYA
|
| 999 |
|
|
|a G000359
|b PERMAINAN BOARD
|c GAMES
|e PERPUSTAKAAN KOMUNITI PETALING JAYA
|